00000000nam 2200000zi 4500
0019.947322
003CaOODSP
00520250123145547
006m     o  d f      
007cr |||||||||||
008250123s1976    onc     o    f000 0 fre d
040 |aCaOODSP|bfre|erda|cCaOODSP
043 |an-cn---
0861 |aId46-33/1976F-PDF
24500|aComité consultatif ad hoc concernant le textile et le vêtement : |brapport au Ministre de l'industrie et du commerce.
24634|aRapport au Ministre de l'Industrie et du Commerce
264 1|a[Ottawa] : |bMinistère de l'industrie et du commerce, |c1976.
300 |a1 ressource en ligne (6 pages, 1 page non numérotée)
336 |atexte|btxt|2rdacontent/fre
337 |ainformatique|bc|2rdamedia/fre
338 |aressource en ligne|bcr|2rdacarrier/fre
500 |aÉdition numérisée de l’imprimé [par Innovation, sciences et développement économique Canada].
500 |aPublié aussi en anglais sous le titre : Ad Hoc Textile and Clothing Advisory Committee report to the Minister of Industry, Trade and Commerce.
500 |aTitre de départ.
650 6|aTextiles et tissus|xIndustrie et commerce|zCanada.
650 6|aVêtements|xIndustrie et commerce|zCanada.
7101 |aCanada. |bMinistère de l'industrie et du commerce, |eorganisme de publication.
77508|tAd Hoc Textile and Clothing Advisory Committee report to the Minister of Industry, Trade and Commerce.|w(CaOODSP)9.938482
85640|qPDF|s519 Ko|uhttps://publications.gc.ca/collections/collection_2025/isde-ised/Id46-33-1976-fra.pdf